Lexikon des Aussenhandels

Uložené v:
Podrobná bibliografia
Médium: Kniha
Jazyk:German
Vydavateľské údaje: Berlin Wirtschaft 1987
Vydanie:1. Aufl.
Tagy: Pridať tag
Žiadne tagy, Buďte prvý, kto otaguje tento záznam!

MARC

LEADER 00000nam a2200000 4500
001 c036708
005 20221219111550.9
041 0 |a ger 
044 |a DE 
245 1 0 |a Lexikon des Aussenhandels 
250 |a 1. Aufl. 
264 1 |a Berlin  |b Wirtschaft  |c 1987 
300 |a 221 s.